00903 2200325 4500001002100000005001500021035002500036090001700061245008800078260005900166300003500225007000300260008004100263040001700304082001300321084001700334100003000351250002000381500001100401650001800412700002400430700002500454700002400479850001200503041000800515990001500523990001200538990001500550990001200565YOGYA00000000002491620200730121959 a0010-081400000024634 a390.5987 ada aAdat istiadat daerah Maluku /cT.J.A. Uneputty, J. Talakua, S. Maelissa, M. Polnaya aJakarta :bDepartemen Pendidikan dan Kebudayaan,c1993 av, 108 hlm. :bilus. ;c24 cm.ta130804r19781993jki g f 1 ind d aYOPDYOGbind a390.5987 a390.5987 ADA aUneputty, T.J.A.epenulis a{Cetakan kedua} aIndeks aAdat Istiadat aJ. Talakuaepenulis aS. Maelissaepenulis aM. Polnayaepenulis aYOPDYOG aind a22551-A/95 a22552-A a22551-A/95 a22552-A